Tokens of trust : (Record no. 122890)
[ view plain ]
| 000 -LEADER | |
|---|---|
| fixed length control field | 01245cam a22003374a 4500 |
| 001 - CONTROL NUMBER | |
| control field | 8635216 |
| 005 - DATE AND TIME OF LATEST TRANSACTION | |
| control field | 20150713144852.0 |
| 008 - FIXED-LENGTH DATA ELEMENTS--GENERAL INFORMATION | |
| fixed length control field | 070215s2007 kyua b 000 0 eng |
| 010 ## - LIBRARY OF CONGRESS CONTROL NUMBER | |
| LC control number | 2007006718 |
| 020 ## - INTERNATIONAL STANDARD BOOK NUMBER | |
| International Standard Book Number | 9781853118036 |
| 024 ## - OTHER STANDARD IDENTIFIER | |
| Standard number or code | 99942917056 |
| 035 ## - SYSTEM CONTROL NUMBER | |
| System control number | (DLC) 2007006718 |
| 035 ## - SYSTEM CONTROL NUMBER | |
| System control number | (OCoLC)85444023 |
| 035 ## - SYSTEM CONTROL NUMBER | |
| System control number | (NNC)8635216 |
| 040 ## - CATALOGING SOURCE | |
| Original cataloging agency | DLC |
| Transcribing agency | DLC |
| Modifying agency | BAKER |
| -- | BTCTA |
| -- | YDXCP |
| -- | C#P |
| -- | ITC |
| 050 00 - LIBRARY OF CONGRESS CALL NUMBER | |
| Classification number | BT77 |
| Item number | .W575 2007 |
| 082 00 - DEWEY DECIMAL CLASSIFICATION NUMBER | |
| Classification number | 230 |
| Edition number | 22 |
| 100 1# - MAIN ENTRY--PERSONAL NAME | |
| Personal name | Williams, Rowan, |
| Dates associated with a name | 1950- |
| 9 (RLIN) | 18012 |
| 245 10 - TITLE STATEMENT | |
| Title | Tokens of trust : |
| Remainder of title | an introduction to Christian belief / |
| Statement of responsibility, etc | Rowan Williams. |
| 260 ## - PUBLICATION, DISTRIBUTION, ETC. (IMPRINT) | |
| Place of publication, distribution, etc | Louisville : |
| Name of publisher, distributor, etc | Westminster John Knox Press, |
| Date of publication, distribution, etc | c2007. |
| 300 ## - PHYSICAL DESCRIPTION | |
| Extent | xiii, 159, [1] p. : |
| Other physical details | col. ill. ; |
| Dimensions | 21 cm. |
| 504 ## - BIBLIOGRAPHY, ETC. NOTE | |
| Bibliography, etc | Includes bibliographical references (p. [160]). |
| 505 00 - FORMATTED CONTENTS NOTE | |
| Title | Who can we trust? -- |
| -- | The risk of love -- |
| -- | A man for all seasons -- |
| -- | The peace dividend -- |
| -- | God in company -- |
| -- | Love, actually. |
| 650 #0 - SUBJECT ADDED ENTRY--TOPICAL TERM | |
| Topical term or geographic name as entry element | Theology, Doctrinal |
| Form subdivision | Popular works. |
| 9 (RLIN) | 8923 |
| 650 #0 - SUBJECT ADDED ENTRY--TOPICAL TERM | |
| Topical term or geographic name as entry element | Trust in God. |
| 9 (RLIN) | 18013 |
| 650 #0 - SUBJECT ADDED ENTRY--TOPICAL TERM | |
| Topical term or geographic name as entry element | Belief and doubt. |
| 9 (RLIN) | 18014 |
| 856 41 - ELECTRONIC LOCATION AND ACCESS | |
| Materials specified | Table of contents only |
| Uniform Resource Identifier | <a href="http://www.loc.gov/catdir/toc/ecip0711/2007006718.html">http://www.loc.gov/catdir/toc/ecip0711/2007006718.html</a> |
| 942 ## - ADDED ENTRY ELEMENTS (KOHA) | |
| Source of classification or shelving scheme | Library of Congress Classification |
| Item type | Monograph ( Printed materials) |
| 948 1# - LOCAL PROCESSING INFORMATION (OCLC); SERIES PART DESIGNATOR (RLIN) | |
| Series part designator, SPT (RLIN) | 20110914 |
| b (OCLC) | c |
| c (OCLC) | rad1 |
| d (OCLC) | MPS |
| Withdrawn status | Lost status | Source of classification or shelving scheme | Damaged status | Not for loan | Collection code | Home library | Current library | Shelving location | Date acquired | Total Checkouts | Full call number | Barcode | Date last seen | Price effective from | Koha item type |
|---|---|---|---|---|---|---|---|---|---|---|---|---|---|---|---|
| Library of Congress Classification | Main Collection | ARRUPE LIBRARY | ARRUPE LIBRARY | Main Collection | 13/07/2015 | BT77 .W575 2007 | 46500004576 | 11/01/2017 | 13/07/2015 | Monograph ( Printed materials) |